00827 2200289 4500001002100000005001500021020002200036035002400058040001200082082001400094084001200108090001200120245015000132250001000282260002700292300003900319500002500358504002600383650001000409700001900419700002100438700001800459850001200477990001600489990001600505990001600521YOGYA00000000010025920140823125339 a978-979-433-700-4 0010-111300000000375 aYOPDYOG 2[22]a200 a200 Aga a200 Aga aAGAMA , budaya , dan bencana:bkajian integratif ilmu, agama, dan budaya/cEditor Agus Indiyanto dan Arqom Kuswanjono ; penyunting Ahmad Baiquni. aCet.1 aBandung:bMizan,c2012 a...buku.:bilus.;c24 cm. (3 eks.) aYang diterima buku.1 aBibliografi : hlm 312 aAgama aAgus Indiyanto aArqom Kuswanjono aAhmad Baiquni aYOPDYOG a3837/B.2013 a3838/B.2013 a3839/B.2013